Biología 3 : (Registro nro. 10129)

Detalles MARC
000 -LIDER
fixed length control field 01347nam a22002537a 4500
001 - NÚMERO DE CONTROL
Identificador de número de control 00007450
003 - IDENTIFICACDOR DE NÚMERO DE CONTROL
control field DO-SdBNP
005 - DATE AND TIME OF LATEST TRANSACTION
control field 20180313133913.0
007 - CAMPOS FIJOS DE DESCRIPCIÓN FÍSICA
fixed length control field 00007450
008 - ELEMENTOS DE LONGITUD FIJA
fixed length control field 160513b 2013 dr xxu||||| |||| 00| 0 spa d
020 ## - ISBN
International Standard Book Number 9789945121483
040 ## - FUENTE DE CATALOGACIÓN
Agencia que crea de manera original el registro BPMSU
Idioma de catalogación spa
Agencia que realiza la transcripción BPMSU
092 ## - LOCALLY ASSIGNED DEWEY DECIMAL CALL NUMBER
Número de clasificación xxxxxx
Número de ítem (Cutter) xxxxxx
245 00 - MENCIÓN DE TITULO
Título Biología 3 :
Subtítulo educación media /
Mención de responsabilidad presentación ; Josefina Pimentel
260 ## - PUBLICACIÓN, DISTRIBUCIÓN, ETC. (PIE DE IMPRENTA)
Lugar de publicación, distribución, etc Santo Domingo :
Nombre del editor, distribuidor, etc. Ministerio de Educación,
Fecha de publicación, distribución, etc 2013.
300 ## - DESCRIPCIÓN FÍSICA
Extensión 212, [213] p. :
Otros detalles físicos il. ;
Dimensiones 27 cm.
504 ## - NOTA DE BIBLIOGRAFÍA, ETC.
Bibliography, etc Bibliografía : p. [213]
505 ## - NOTA DE CONTENIDO
Título La historia de la tierra --
-- Estudio de microfósiles cuaternarios --
-- La evolución --
-- Observación experimental de coacervados –
-- Genética --
-- Análisis estadístico de los experimentos de Mendel --
-- Los seres vivos y el medio ambiente --
-- Estudio de la biocenosis de un suelo –
-- Dinámicas de los ecosistemas --
-- Determinación de la energía radiante del sol –
-- Biodivesidad vegetal --
-- El paso del huracán Georges por nuestro país –
-- Biodivesidad animal --
-- Estudio de un hábitat –
-- Recursos naturales --
-- Investigación en el entorno.
700 1# - ASIENTO SECUNDARIO -- NOMBRE PERSONAL
Nombre personal Pimentel, Josefina
710 10 - ASIENTO SECUNDARIO -- NOMBRE CORPORATIVO
Nombre corporativo o de jurisdicción Ministerio de Educación. República Dominicana
942 ## - ADDED ENTRY ELEMENTS (KOHA)
Source of classification or shelving scheme Dewey Decimal Classification
Koha item type Libros
945 ## - INFORMACIÓN DE PROCESAMIENTO LOCAL
Información de procesamiento local Remanejado para la BNPHU / 2018 BT
956 ## - LOCAL ELECTRONIC LOCATION AND ACCESS (OCLC)
Método de acceso LOPEREZ
Materiales especificados 10
Enlace 20161305
Campo enlazado y núm. de secuencia BPMSU
Nombre de host 00041
Existencias
Withdrawn status Lost status Source of classification or shelving scheme Damaged status Not for loan Home library Current library Date acquired Source of acquisition Total Checkouts Barcode Date last seen Copy number Price effective from Koha item type
    Dewey Decimal Classification     Biblioteca Pública Metropolitana Salomé Ureña Biblioteca Pública Metropolitana Salomé Ureña 05/13/2016 Donación   BPMSU16050321 05/13/2016 Ej. 1 05/13/2016 Libros